South Asia Capitals - Statistics

General Stats
  • This quiz has been taken 190 times
    185 since last reset
  • The average score is 9 of 16
Answer Stats
Hint Answer % Correct
India New Delhi
98%
Thailand Bangkok
85%
Singapore Singapore
80%
Bangladesh Dhaka
72%
Vietnam Hanoi
72%
Phillipines Manila
72%
Indonesia Jakarta
69%
Malayisa Kuala Lumpur
65%
Nepal Kathmandu
63%
Bhutan Thimphu
50%
Cambodia Phnom Penh
48%
Timor-Leste Dili
39%
Burma Naypyidaw
39%
Laos Vientiane
39%
Brunei Bandar Seri Begawan
28%
Sri Lanka Sri Jayawardenepura Kotte
15%
No matching quizzes found
Score Distribution
Percent of People with Each Score
Percentile by Number Answered
Your Score History
You have not taken this quiz since the last reset